000 00745nam a2200289Ia 4500
005 20250425161924.0
008 250425s9999 xx 000 0 und d
020 _a9978826246
041 _aspa
043 _aec
082 _a614
100 _aMINISTERIO, DE SALUD PUBLICA
245 0 _aLA GERENCIA DE CALIDAD TOTAL EN SALUD
250 _aS.E.
260 _aEcuador
_bORGANIZACION PANAMERICANA DE LA SALUD
_c1994
260 _aS.L.
300 _a141
650 _aADMINISTRACION DE LA SALUD
650 _aADMINISTRACION HOSPITALARIA
650 _aCALIDAD TOTAL
650 _aGERENCIA
650 _aSERVICIOS DE SALUD
650 _aSUPERVISION
710 _aMINISTERIO DE SALUD PUBLICA
942 _c01
010 _a35057
999 _c218927
_d218927